Regeneration transfer to DTI (Record no. 66055)

MARC details
000 -LEADER
fixed length control field 01133cam a2200253 4500
001 - CONTROL NUMBER
control field WB3706-29
008 - FIXED-LENGTH DATA ELEMENTS--GENERAL INFORMATION
fixed length control field 000000n2001 000 0 eng u
035 ## - SYSTEM CONTROL NUMBER
System control number (Sirsi) u110805
245 ## - TITLE STATEMENT
Title Regeneration transfer to DTI
260 ## - PUBLICATION, DISTRIBUTION, ETC.
Date of publication, distribution, etc. 2001
490 ## - SERIES STATEMENT
Series statement Urban Environment Today
Volume/sequential designation 2(114) 1 February 2001, 3(1)
520 ## - SUMMARY, ETC.
Summary, etc. A report by the Institute for Public Policy Research (IPPR) calls for regeneration and regional economic planning to move from the DETR to the DTI, in a bid to streamline DETR activities. Other suggestions in the report include the transfer of the Sustainable Development Unit to the Cabinet Office, although the IPPR recommends leaving land use planning and transport to the DETR. "Remodelling government: future of the DETR" is available from the IPPR. E-mail: [email protected].
590 ## - LOCAL NOTE (RLIN)
Local note WB
650 ## - SUBJECT ADDED ENTRY--TOPICAL TERM
Topical term or geographic name entry element SUSTAINABLE DEVELOPMENT
650 ## - SUBJECT ADDED ENTRY--TOPICAL TERM
Topical term or geographic name entry element GOVERNMENT DEPARTMENTS
650 ## - SUBJECT ADDED ENTRY--TOPICAL TERM
Topical term or geographic name entry element LAND USE PLANNING
650 ## - SUBJECT ADDED ENTRY--TOPICAL TERM
Topical term or geographic name entry element ECONOMIC ISSUES
650 ## - SUBJECT ADDED ENTRY--TOPICAL TERM
Topical term or geographic name entry element REFORM
650 ## - SUBJECT ADDED ENTRY--TOPICAL TERM
Topical term or geographic name entry element INSTITUTE FOR PUBLIC POLICY RESEARCH
650 ## - SUBJECT ADDED ENTRY--TOPICAL TERM
Topical term or geographic name entry element DETR
650 ## - SUBJECT ADDED ENTRY--TOPICAL TERM
Topical term or geographic name entry element DTI
690 ## - LOCAL SUBJECT ADDED ENTRY--TOPICAL TERM (OCLC, RLIN)
Topical term or geographic name as entry element REGENERATION
942 ## - ADDED ENTRY ELEMENTS (KOHA)
Suppress in OPAC 0
Holdings
Withdrawn status Lost status Source of classification or shelving scheme Damaged status Not for loan Home library Current library Shelving location Date acquired Total Checkouts Full call number Barcode Date last seen Copy number Price effective from Koha item type
    Dewey Decimal Classification     London London News article 07/02/2001   WB3706-29 110805-1001 06/08/2019 1 06/08/2019 News article